| 000 | 00589nam a2200181 i 4500 | ||
|---|---|---|---|
| 001 | 50358 | ||
| 003 | ES-MaACL | ||
| 005 | 20250809044622.0 | ||
| 007 | t| | ||
| 008 | 030804s1964 sp ||||1| spa d | ||
| 245 | 0 | 0 | _aCuadernos de las leyes y agravios reparados por los tres estados del Reino de Navarra. |
| 260 |
_aPamplona : _bDiputación Foral de Navarra : _bAranzadi, _c1964. |
||
| 300 |
_a2 v. ; _c22 cm. |
||
| 490 | 1 |
_aBiblioteca de Derecho Foral ; _v3 |
|
| 830 | 0 | 0 |
_aBiblioteca de derecho foral _v3 _9181069 |
| 852 |
_aES-MaACL _jC-26419-20 _bR.55514 |
||
| 999 |
_c50358 _d50358 |
||